Gestió de biblioteques i centres d'informació / Robert D. Stueart, Barbara B. Moran ; revisat pel Col·legi Oficial de Bibliotecaris-Documentalistes de Catalunya

per Stueart, Robert D.

Descripció física: 443 p. ; 24 cm
Altres autors: Moran, Barbara B.

MARC

LEADER 00000nam a2200000Ia 4500
001 12234
008 160829s1998 xx 000 0 cat d
080 |a A-1-261 
100 |a Stueart, Robert D.  |9 695 
245 |a Gestió de biblioteques i centres d'informació / Robert D. Stueart, Barbara B. Moran ; revisat pel Col·legi Oficial de Bibliotecaris-Documentalistes de Catalunya 
260 |a Lleida :  |b Pagès ; Barcelona :  |b Diputació de Barcelona,  |c 1998 
300 |a 443 p. ;  |c 24 cm 
490 |a Materials per a la biblioteca pública ; 2 
650 |a Biblioteques  |x Administració  |9 30388 
700 |a Moran, Barbara B.   |9 20954 
710 1 |a Col·legi Oficial de Bibliotecaris-Documentalistes de Catalunya  |9 52740 
901 |a Arxiu 
942 |n 1 
952 |0 0  |1 0  |4 0  |6 A1261  |7 1  |9 41752  |a Arxiu  |b Arxiu  |d 2016-12-01  |l 0  |o A-1-261  |p 12234  |r 2016-12-01 00:00:00  |w 2016-12-01  |y ARXIU 
999 |c 43642  |d 43642